Normal view
MARC view
- Tennekes H
Entry Personal Name
001 - CONTROL NUMBER
- control field: 193527
003 - CONTROL NUMBER IDENTIFIER
- control field: OSt
005 - DATE AND TIME OF LATEST TRANSACTION
- control field: 20230714214223.0
008 - FIXED-LENGTH DATA ELEMENTS
- fixed length control field: 230714|| aca||aabn | a|a d
040 ## - CATALOGING SOURCE
- Original cataloging agency: OSt
- Transcribing agency: OSt
100 ## - HEADING--PERSONAL NAME
- Personal name: Tennekes H
670 ## - SOURCE DATA FOUND
- Source citation: Work cat.: (OSt)206428: Tennekes H., First Course In Turbulence, 1972